000
00255nam a22001217a 4500
008
171005b xxu||||| |||| 00| 0 eng d
041
_a
eng
080
_2
5TH
_a
159.9
100
_a
49
101
_a
PSI
245
_a
PSYCHIATRY
_c
TOMB,D.A
942
_2
udc
_c
BK
999
_c
32076
_d
32076